| 000 | 00778nas a2200241 4500 | ||
|---|---|---|---|
| 001 | BR2012009603 | ||
| 003 | BR-BrBNA | ||
| 005 | 20231205121635.0 | ||
| 007 | ta | ||
| 008 | 230509b bl.|||p| |||| 00| 00por d | ||
| 040 |
_aBR-BrBNA _bpor _cBiblioteca Nacional de Agricultura |
||
| 041 | _a(Pt) | ||
| 072 | _aL40 | ||
| 100 | 1 | _aSilveira, L.F. | |
| 100 | 1 | _aHöfling, E. | |
| 245 | 1 | _aOsteologia craniana dos Tinamidae (Aves: Tinamiformes), com implicações sistemáticas | |
| 650 | _aAVE SELVAGEM | ||
| 650 | _aANTOMIA ANIMAL | ||
| 650 | _aCRÂNIO | ||
| 773 | 0 |
_tBoletim do Museu Paraense Emílio Goeldi. Ciências Naturais (Brazil) _xISSN 1981-8114 _g(Jan-Apr 2007), v. 2(1) p. 15-54 _wBR2012009603 |
|
| 909 |
_a202311 _bLúcia _c55 _dLúcia Elande |
||
| 942 |
_2AGRIS _n0 _cANA |
||
| 999 |
_c224510 _d224510 |
||